Представление документа в формате MARC21

Поле Инд. ПП Название Значение
Тип записи a
Библиографический уровень b
001 Контрольный номер RU/IS/BASE/290084728
005 Дата корректировки 20200610181717.0
008 Кодируемые данные 20090311
040 b Код языка каталог. rus
e Правила каталог. PSBO
041 0_ a Код языка текста rus
084 a Индекс другой классификации/Индекс ББК 81.411.2-213
100 1_ a Автор Янович И. С.
245 10 a Заглавие Семантика -то и -нибудь: 20 лет спустя
504 a Библиография Библиогр. - Примеч.: с. 157
650 04 a Основная рубрика грамматика
a Основная рубрика русский язык
a Основная рубрика филологические науки
a Основная рубрика частное языкознание
a Основная рубрика языкознание
653 0_ a Ключевые слова местоимение
a Ключевые слова морфология
a Ключевые слова неопределенные местоимения
a Ключевые слова семантика
a Ключевые слова семантика местоимений
a Ключевые слова части речи
773 08 t Заглавие источника Вестник Московского университета. Серия 9, Филология
d Дата издания источника 2008
g Прочая информация № 5. - С. 149 - 157
w Контрольный № источника RU/IS/BASE/288361571
901 t Тип документа b